Zdaňovanie nezávislých umelcov a autorov

Autorské práva z pohľadu právneho systému. Práva príbuzné autorským právam. Zdanenie príjmov z autorských práv. Posudzovanie zdanenia autorov a umelcov podľa Modelovej zmluvy OECD.

Salvato in:
Dettagli Bibliografici
Autore principale: Brnová, Miroslava
Natura: Capitolo di libro
Lingua:slovacco
Soggetti:
Tags: Aggiungi Tag
Nessun Tag, puoi essere il primo ad aggiungerne!!

MARC

LEADER 00000naa a2200000 4500
001 0168595
005 20231120103339.4
041 0 |a slo 
044 |a SK 
245 1 0 |a Zdaňovanie nezávislých umelcov a autorov  |c Miroslava Brnová 
520 |a Autorské práva z pohľadu právneho systému. Práva príbuzné autorským právam. Zdanenie príjmov z autorských práv. Posudzovanie zdanenia autorov a umelcov podľa Modelovej zmluvy OECD. 
610 2 0 |a umelci 
610 2 0 |a príjmy 
610 2 0 |a zdaňovanie 
610 2 0 |a právo autorské 
100 1 |a Brnová, Miroslava